| 000 | 00435pab a2200145 454500 | ||
|---|---|---|---|
| 008 | 180718b2017 xxu||||| |||| 00| 0 eng d | ||
| 100 | _aSirohi, Rahul A. | ||
| 245 | _aColonial 'shock' and global inequalities: a critical review of new institutional economics | ||
| 260 | _c2017 | ||
| 300 | _ap.85-93. | ||
| 362 | _a19 Aug | ||
| 650 | _aEconomic and social development | ||
| 773 | _aEconomic and Political Weekly | ||
| 909 | _a115636 | ||
| 999 |
_c115630 _d115630 |
||